Explaining science : (Record no. 123007)
[ view plain ]
| 000 -LEADER | |
|---|---|
| fixed length control field | 01068cam a2200349 a 4500 |
| 001 - CONTROL NUMBER | |
| control field | 696495 |
| 005 - DATE AND TIME OF LATEST TRANSACTION | |
| control field | 20150717135532.0 |
| 008 - FIXED-LENGTH DATA ELEMENTS--GENERAL INFORMATION | |
| fixed length control field | 881128s1988 ilua b 001 0 eng |
| 010 ## - LIBRARY OF CONGRESS CONTROL NUMBER | |
| LC control number | 87027033 |
| 020 ## - INTERNATIONAL STANDARD BOOK NUMBER | |
| International Standard Book Number | 0226292053 |
| 035 ## - SYSTEM CONTROL NUMBER | |
| System control number | (OCoLC)16833680 |
| 035 ## - SYSTEM CONTROL NUMBER | |
| System control number | (OCoLC)ocm16833680 |
| 035 ## - SYSTEM CONTROL NUMBER | |
| System control number | (CStRLIN)NYCG88-B82872 |
| 035 ## - SYSTEM CONTROL NUMBER | |
| System control number | (NNC)696495 |
| 050 0# - LIBRARY OF CONGRESS CALL NUMBER | |
| Classification number | Q175 |
| Item number | .G4889 1988 |
| 082 0# - DEWEY DECIMAL CLASSIFICATION NUMBER | |
| Classification number | 500 |
| Edition number | 19 |
| 090 ## - LOCALLY ASSIGNED LC-TYPE CALL NUMBER (OCLC); LOCAL CALL NUMBER (OCLC) | |
| Classification number (OCLC) (R) ; Classification number, CALL (RLIN) (NR) | Q175 |
| Local cutter number (OCLC) ; Book number/undivided call number, CALL (RLIN) | .G4889 1988 |
| 100 1# - MAIN ENTRY--PERSONAL NAME | |
| Personal name | Giere, Ronald N. |
| 9 (RLIN) | 18425 |
| 245 10 - TITLE STATEMENT | |
| Title | Explaining science : |
| Remainder of title | a cognitive approach / |
| Statement of responsibility, etc | Ronald N. Giere. |
| 260 ## - PUBLICATION, DISTRIBUTION, ETC. (IMPRINT) | |
| Place of publication, distribution, etc | Chicago : |
| Name of publisher, distributor, etc | University of Chicago Press, |
| Date of publication, distribution, etc | c1988. |
| 300 ## - PHYSICAL DESCRIPTION | |
| Extent | xxi, 321 p. : |
| Other physical details | ill. ; |
| Dimensions | 24 cm. |
| 490 1# - SERIES STATEMENT | |
| Series statement | Science and its conceptual foundations |
| 500 ## - GENERAL NOTE | |
| General note | Includes index. |
| 504 ## - BIBLIOGRAPHY, ETC. NOTE | |
| Bibliography, etc | Bibliography: p. 295-313. |
| 650 #0 - SUBJECT ADDED ENTRY--TOPICAL TERM | |
| Topical term or geographic name as entry element | Science |
| General subdivision | Philosophy. |
| 9 (RLIN) | 18426 |
| 650 #0 - SUBJECT ADDED ENTRY--TOPICAL TERM | |
| Topical term or geographic name as entry element | Science |
| General subdivision | Social aspects. |
| 9 (RLIN) | 9989 |
| 650 #0 - SUBJECT ADDED ENTRY--TOPICAL TERM | |
| Topical term or geographic name as entry element | Cognition. |
| 9 (RLIN) | 2049 |
| 650 #0 - SUBJECT ADDED ENTRY--TOPICAL TERM | |
| Topical term or geographic name as entry element | Realism. |
| 9 (RLIN) | 11315 |
| 830 #0 - SERIES ADDED ENTRY--UNIFORM TITLE | |
| Uniform title | Science and its conceptual foundations. |
| 9 (RLIN) | 9999 |
| 942 ## - ADDED ENTRY ELEMENTS (KOHA) | |
| Source of classification or shelving scheme | Library of Congress Classification |
| Item type | Monograph ( Printed materials) |
| Withdrawn status | Lost status | Source of classification or shelving scheme | Damaged status | Not for loan | Collection code | Home library | Current library | Shelving location | Date acquired | Total Checkouts | Full call number | Barcode | Date last seen | Price effective from | Koha item type |
|---|---|---|---|---|---|---|---|---|---|---|---|---|---|---|---|
| Library of Congress Classification | Main Collection | ARRUPE LIBRARY | ARRUPE LIBRARY | Main Collection | 17/07/2015 | Q175 .G4889 1988 | 46500004401 | 03/07/2019 | 17/07/2015 | Monograph ( Printed materials) |